Statistiques concernant Intercommunalités de la Lozère

Cliquez ici pour prendre le quiz!

Statistiques générales

  • Ce quiz a été pris 8 fois
  • Le résultat moyen est 6 sur 10

Statistiques - réponses

Nombres de CommunesIntercommunalités% Correct
07Communauté de communes Cœur de Lozère
100%
12Communauté de communes du Gévaudan
100%
17Communauté de communes Gorges Causses Cévennes
88%
20Communauté de communes des Terres d'Apcher-Margeride-Aubrac
75%
21 (dont 02 dans le Gard)Communauté de communes Mont-Lozère
63%
17Communauté de communes des Hautes Terres de l'Aubrac
50%
10Communauté de communes du Haut Allier
50%
15Communauté de communes Aubrac Lot Causses Tarn
25%
15Communauté de communes Randon - Margeride
13%
19Communauté de communes Des Cévennes au Mont Lozère
0%

Distribution des résultats

Percentile par nombre de réponses

% des personnes avec chaque résultat

Votre développement - résultats

Vous n’avez pas pris ce quiz